000 01000nam a22002057a 4500
999 _c63220
_d63220
003 Ge_BSU
005 20250701112837.0
008 250701s2005 ge ||||| |||| 00| 0 geo d
020 _a9992809485
041 _ageo
080 _a81'374.25=353.1 თ-42
100 _aთეზელიშვილი, სოლომონ
_912293
245 _aუცხო სიტყვათა ლექსიკონი :
_b [27000 ტერმინი - 200000 განმარტება /
_cსოლომონ (ბიჭი) თეზელიშვილი; მთავარი რედაქტორი გურამ აბსანძე.
264 _aთბილისი,
_c2005.
300 _a1054 გვ. ;
_b30 სმ.
504 _aბიბლიოგრაფია: გვ. 1050-1051.
653 _a ლექსიკონი
700 _aაბსანძე, გურამ
_eმთავარი რედაქტორი
_920028
942 _2udc
_cᲬᲘᲒᲜᲘ